American English today : (Record no. 2326)
[ view plain ]
| 000 -LEADER | |
|---|---|
| fixed length control field | aam a22 a 4500 |
| 003 - CONTROL NUMBER IDENTIFIER | |
| control field | AKMAL |
| 005 - DATE AND TIME OF LATEST TRANSACTION | |
| control field | 20170516161803.0 |
| 008 - FIXED-LENGTH DATA ELEMENTS--GENERAL INFORMATION | |
| fixed length control field | 170516s1975 us 00 eng d |
| 020 ## - INTERNATIONAL STANDARD BOOK NUMBER | |
| International Standard Book Number | 0070253358 |
| 040 ## - CATALOGING SOURCE | |
| Original cataloging agency | AKMAL |
| 082 04 - DEWEY DECIMAL CLASSIFICATION NUMBER | |
| Classification number | 428.2 GUT |
| 090 20 - LOCALLY ASSIGNED LC-TYPE CALL NUMBER (OCLC); LOCAL CALL NUMBER (RLIN) | |
| Classification number (OCLC) (R) ; Classification number, CALL (RLIN) (NR) | 428.2 |
| Local cutter number (OCLC) ; Book number/undivided call number, CALL (RLIN) | GUT |
| 100 1# - MAIN ENTRY--PERSONAL NAME | |
| Personal name | Guth, Hans Paul, |
| Dates associated with a name | 1926- |
| 9 (RLIN) | 4856 |
| 245 10 - TITLE STATEMENT | |
| Title | American English today : |
| Remainder of title | the Tools Of English / |
| Statement of responsibility, etc. | Edgar H. Schuster and senior author Hans P. Guth |
| 250 ## - EDITION STATEMENT | |
| Edition statement | 2nd Edition |
| 260 ## - PUBLICATION, DISTRIBUTION, ETC. | |
| Place of publication, distribution, etc. | New York : |
| Name of publisher, distributor, etc. | Webster Division, |
| Date of publication, distribution, etc. | 1975 |
| 300 00 - PHYSICAL DESCRIPTION | |
| Extent | 528p. : |
| Other physical details | ill. ; |
| Dimensions | 24cm |
| 500 ## - GENERAL NOTE | |
| General note | Index: p.521-528 |
| 650 #0 - SUBJECT ADDED ENTRY--TOPICAL TERM | |
| Topical term or geographic name entry element | English language |
| General subdivision | Grammar |
| 9 (RLIN) | 4827 |
| 650 #0 - SUBJECT ADDED ENTRY--TOPICAL TERM | |
| Topical term or geographic name entry element | English language |
| General subdivision | Composition and exercises |
| 9 (RLIN) | 4783 |
| 942 ## - ADDED ENTRY ELEMENTS (KOHA) | |
| Source of classification or shelving scheme | |
| Koha item type | Book |
| Withdrawn status | Lost status | Source of classification or shelving scheme | Damaged status | Not for loan | Collection code | Home library | Current library | Shelving location | Date acquired | Inventory number | Total Checkouts | Full call number | Barcode | Date last seen | Price effective from | Koha item type |
|---|---|---|---|---|---|---|---|---|---|---|---|---|---|---|---|---|
| NON-FICTION | AKMAL Melaka | AKMAL Melaka | PINJAMAN | 16.05.2017 | 4000037 | 428.2 GUT | 201703167 | 16.05.2017 | 16.05.2017 | Book |
